Catcheurs par image - Statistiques

Statistiques générales
  • Ce quiz a été pris 1 215 fois
    896 depuis la dernière actualisation
  • Le résultat moyen est 49 sur 96
Statistiques - réponses
Par images Réponse % Correct
CM Punk
93%
John Cena
93%
Batista
92%
Big show
91%
Brock Lesnar
86%
Sheamus
84%
Edge
81%
A.J Styles
80%
Cody Rhodes
80%
Rey Mysterio
79%
The Rock
77%
Triple H
77%
Randy Orton
75%
Roman Reigns
74%
The Miz
74%
Jey Uso
73%
Kane
73%
Ric Flair
72%
Charlotte Flair
71%
Chris Jericho
71%
Jimmy Uso
71%
Kévin Owens
70%
Kofi Kingston
70%
Bray Wyatt
69%
Seth Rollins
69%
Asuka
67%
Finn Balor
67%
Eddie Guerrero
65%
The Undertaker
64%
Bayley
63%
Dominik Mysterio
63%
R-Truth
61%
Umaga
61%
Alexa Bliss
60%
Drew McIntyre
59%
Gunther
59%
Naomi
58%
Sami Zayn
58%
Shawn Michaels
58%
Bad Bunny
57%
Bianca Belair
57%
Ricochet
56%
Otis
55%
Big e
54%
JBL
54%
Steve Austin
54%
Carlito
52%
Nikki Bella
52%
Dolph Ziggler
51%
Carmella
49%
Finlay
49%
Omos
49%
Rhea Ripley
49%
Sasha Banks
49%
Rikishi
48%
Samoa Joe
48%
Solo Sikoa
47%
Chad Gable
46%
Xavier Woods
46%
Adam Cole
45%
Malakai Black
45%
Braun Strowman
44%
Matt Riddle
43%
Austin Theory
42%
Shelton Benjamin
42%
Jade Cargill
41%
Wade Barrett
41%
Iyo Sky
40%
Beth Phoenix
39%
John Morrison
38%
Hornswoggle
37%
Apollo Crews
36%
Butch
36%
Cedric Alexander
36%
Keith Lee
33%
Dakota Kai
32%
Mr Kennedy
32%
Big Daddy V
31%
Karrion Kross
31%
Ilja Dragunov
29%
Scarlett
28%
Orange Cassidy
25%
Mandy Rose
24%
Raquel Rodriguez
24%
Shayna Baszler
24%
Darby Allin
23%
Ridge Holland
23%
Shotzi
23%
Madcap Moss
20%
Mansoor
19%
Toni Storm
18%
Will Ospreay
16%
Eddie Kingston
15%
Hook
14%
Tucker
14%
Taiji Ishimori
1%
Aucun quiz correspondant
Distribution des résultats
% des personnes avec chaque résultat
Percentile par nombre de réponses
Votre historique - résultats
Vous n’avez pas pris ce quiz depuis la dernière actualisation